000 01469nam a2200289 i 4500
003 DO-SdBNP
005 20260321073647.0
007 ta
008 260304b1991 dr ||||| |||| 00| 0 spa d
040 _aDO-SdBNP
_bspa
_cBNPHU
_erda
041 _aspa
082 4 _2320.97293054
_bB742d 1991
_a22
100 1 _a Bosch, Juan,
_d1909-2001
_eautor
_4aut.
_976555
245 1 0 _aDictadura con respaldo popular /
_cJuan Bosch.
250 _acuarta edición
264 1 _aSanto Domingo :
_bEditora Alfa y Omega,
_c1991.
300 _a229 paginas ;
_c21 cm.
336 _atexto
_btxt
_2rdacontent
337 _asin medición
_bn
_2rdamedia
338 _avolumen
_bnc
_2rdacarrier
505 _aContextualización y vigencia de un texto --
_tEl próximo paso : dictadura con respaldo popular. --
_tOligarquía, burguesía y pequeña burguesía. --
_tOligarquía y antitrujillismo. --
_tNecedades acerca de la burguesía nacional. --
_t¿Dictadura del proletariado?, no : dictadura con respaldo popular. --
_tEl papel de la débil burguesía nacional en el regimen de la dictadura con respaldo popular. --
_tSicología de las clase en la República Dominicana. --
_tAlgunas ideas acerca de la comunicación con las masas. --
_tEl frente de la dictadura con respaldo popular.
590 _aInventariado, 2026/BT
651 4 _aRepública Dominicana
_xPolítica y gobierno
_983440
_y1961-
651 4 _aAmérica Latina
_xPolítica y gobierno
_92618
910 _aBtavárez
942 _2ddc
_cLBS1
999 _c60420
_d60420